| 000 | 00884nam a2200241ua 4500 | ||
|---|---|---|---|
| 001 | 38090 | ||
| 003 | BD-RjUL | ||
| 005 | 20211209052725.0 | ||
| 008 | 150908s1974 bg 000 0 beno | ||
| 035 | _a(BD-RjUL)38195 | ||
| 040 |
_aDLC _cCarP _dDLC _dBD-RjUL _beng |
||
| 041 | _aeng | ||
| 082 |
_a891.44309 _bMUP 1974 |
||
| 100 |
_aমুসা, মনসুর _9117913 |
||
| 245 | 1 | 0 |
_aপূর্ব বাঙলার উপন্যাস / _cমনসুর মুসা |
| 260 |
_cঢাকা : _aমাওলা ব্রাদার্স, _b১৯৭৪ |
||
| 300 |
_a[১০], ১৬০ পৃ. ; _c২২ সেমি. |
||
| 500 | _aRomanized. | ||
| 650 | 0 |
_aবাংলা উপন্যাস _xইতিহাস ও সমালোচনা _9117914 |
|
| 650 | 0 |
_aBengali fiction _xHistory and criticism. _9117915 |
|
| 942 |
_2ddc _cBK _01 |
||
| 999 |
_c38090 _d38090 |
||